00474nam a22001577a 450000500170000000800410001702000180005804100130007608200150008910000130010424500810011725000200019826000430021830000290026165000260029020240429133648.0240429b |||||||| |||| 00| 0 eng d a9780409113693 aEnglish  a343.7 PRA  lEnglish  aA Practical Guide to the South African Competition Act / cM Neuhoff et al.  aSecond Edition  aDurban: bLexisNexis (Pty) Ltd, c2017 bxl, 589 pages; c25 cm.  aLegal practice bLaw